000 00252nam a2200097Ia 4500
005 20251222114404.0
008 251222s1900||||xx |||||||||||||| ||spa||
082 _aDVD0070/V17/2004/Ej.2
245 0 _aMarcelino pao e vinho:Marcelino pan y vino
942 _cDVD
999 _c1769
_d1769